000 00438nam a2200181Ia 4500
005 20240823011436.0
008 240823s9999||||xx |||||||||||||| ||und||
082 _A621.3822 P2
100 _a"Widrow,Bernard"
245 0 _aAdaptive signal Processing
250 _a1st
260 _c2002
_b"Pearson,Delhi"
500 _aYES
650 _aElectronics
_bElectronics
700 _a" stearns,Samuel D"
942 _cBK
999 _c161545
_d161545